| 000 | 00731pam a2200253 a 4500 | ||
|---|---|---|---|
| 001 | 1462254 | ||
| 003 | ARRUPE | ||
| 005 | 20160321111814.0 | ||
| 008 | 861015s1987 nyuaf 001 0aeng | ||
| 010 | _a 86026324 | ||
| 020 |
_a0671624970 : _c$19.95 |
||
| 040 |
_aDLC _cDLC _dDLC |
||
| 050 | 0 | 0 |
_aQL31.A32 _bA3 1987 |
| 082 | 0 | 0 |
_a590/.92/4 _aB _219 |
| 100 | 1 |
_aAdamson, George, _d1906- _923024 |
|
| 245 | 1 | 0 |
_aMy pride and joy / _cGeorge Adamson. |
| 260 |
_aLondon: _bCollins Harvill, _cc1988. |
||
| 300 |
_a298p. : _c25 cm. |
||
| 500 | _aIncludes index. | ||
| 600 | 1 | 0 |
_aAdamson, George, _d1906-1989. _923025 |
| 600 | 1 | 0 |
_aAdamson, Joy. _910510 |
| 906 |
_a7 _bcbc _corignew _d1 _eocip _f19 _gy-gencatlg |
||
| 942 |
_2lcc _cMONOGRAPH |
||
| 999 |
_c124398 _d124398 |
||